| 000 | 00902nam a2200253Ia 4500 | ||
|---|---|---|---|
| 999 |
_c44304 _d44304 |
||
| 001 | 11062 | ||
| 003 | GE_BSU | ||
| 005 | 20221117114238.0 | ||
| 008 | 181216s2012en xx |||||||||||||| ||eng|| | ||
| 020 | _a9781856046596 x | ||
| 040 | _cGE_BSU | ||
| 041 | _aeng | ||
| 080 | _a025.52 B 64 | ||
| 100 |
_aBlanchett, Helen. _915883 |
||
| 245 | 2 |
_aA guide to Teaching Information Literacy. _b101 Practical Tips / _cHelen Blanchett, Chris Powis and Jo Webb. |
|
| 264 |
_aLondon : _bFacet Publishing, _c2012. |
||
| 300 |
_a262 p .: _b23 cm. _cill; |
||
| 541 | _h194Gel. | ||
| 653 | _aA guide to Teaching Information Literacy. | ||
| 653 | _aსაინფორმაციო წიგნიერების სწავლების გზამკვლევი. | ||
| 653 | _aტემპუსის პროექტით | ||
| 700 |
_aPowis, Chris and Jo Webb _915884 |
||
| 942 |
_cBK _2udc |
||